书目信息 |
| 题名: |
代数数论简史
|
|
| 作者: | 冯克勤 著 | |
| 分册: | ||
| 出版信息: | 长沙 湖南教育出版社 2002.07 |
|
| 页数: | 276页 | |
| 开本: | 21cm | |
| 丛书名: | 数学学科专题史丛书 | |
| 单 册: | ||
| 中图分类: | O156.2-09 | |
| 科图分类: | ||
| 主题词: | 代数数论--数学史 | |
| 电子资源: | ||
| ISBN: | 7-5355-3741-3 | |
| 000 | 00928nam 2200265 450 | |
| 001 | 0111154554 | |
| 005 | 20051025100549.96 | |
| 010 | @a7-5355-3741-3@b精装@dCNY17.00 | |
| 100 | @a20030520d2002 em y0chiy0110 ea | |
| 101 | 0 | @achi |
| 102 | @aCN@b430000 | |
| 105 | @aac a 000yy | |
| 200 | 1 | @a代数数论简史@ADai Shu Shu Lun Jian Shi@d= Concise History of algebraic number theory@f冯克勤著@zeng |
| 210 | @a长沙@c湖南教育出版社@d2002.07 | |
| 215 | @a276页@c图, 肖像@d21cm | |
| 225 | 2 | @a数学学科专题史丛书 |
| 320 | @a有书目。 | |
| 330 | @a本书试图简要介绍代数数论二百年的发展途径,并沿着历史的线索讲述了代数数论的主要思想、方法、成就和一些重大事件。 | |
| 410 | 0 | @12001 @a数学学科专题史丛书 |
| 510 | 1 | @aConcise History of Algebraic Number Theory@zeng |
| 606 | 0 | @a代数数论@x数学史 |
| 690 | @aO156.2-09@v4 | |
| 701 | 0 | @a冯克勤@AFeng Ke Qin@4著 |
| 801 | 0 | @aCN@bQSSK@c20051025 |
| 905 | @a10447@dO156.2-09@eF485 | |
| 代数数论简史= Concise History of algebraic number theory/冯克勤著.-长沙:湖南教育出版社,2002.07 |
| 276页:图, 肖像;21cm.-(数学学科专题史丛书) |
| ISBN 7-5355-3741-3(精装):CNY17.00 |
| 本书试图简要介绍代数数论二百年的发展途径,并沿着历史的线索讲述了代数数论的主要思想、方法、成就和一些重大事件。 |
| ● |
| 相关链接 |
|
|
|
正题名:代数数论简史
索取号:O156.2-09/F485
 
预约/预借
| 序号 | 登录号 | 条形码 | 馆藏地/架位号 | 状态 | 备注 |
| 1 | 571694 | 205716947 | 自科库401/401自科库 42排3列3层/ [索取号:O156.2-09/F485] | 在馆 | |
| 2 | 571695 | 205716956 | 自科库401/401自科库 42排3列3层/ [索取号:O156.2-09/F485] | 在馆 | |
| 3 | 571696 | 205716965 | 自科库401/401自科库 42排3列3层/ [索取号:O156.2-09/F485] | 在馆 |